000
00250nam a22001217a 4500
003
SGT
082
_a
823
_b
CHR
100
_a
CHRISTIE AGATHA
245
_a
THE ABC MURDERS
260
_a
LONDON
_b
HARPER PUB
_c
1936
300
_a
252
942
_2
ddc
_c
BK
999
_c
33891
_d
33891